[Event "Druga liga CS - Istok 2018"]
[Site "Nis"]
[Date "2018.09.07"]
[Round "1.4"]
[White "Djukic, Zeljko"]
[Black "Dmitrovic, Tomislav"]
[Result "1/2-1/2"]
[WhiteElo "2304"]
[BlackElo "2268"]
[Annotator "AB"]
[PlyCount "52"]
[EventDate "2018.09.07"]
[EventType "team-tourn"]
[EventRounds "1"]
[WhiteTeam "SVITANJA - Nis"]
[BlackTeam "KURSUMLIJA - Kursumlija"]

1. d4 f5 2. g3 Nf6 3. Bg2 e6 4. c4 c6 5. Nh3 d5 6. Nd2 Bd6 7. O-O O-O 8. Qc2 b6
9. Nf3 Na6 10. a3 Bb7 11. cxd5 cxd5 12. Bf4 h6 13. Bxd6 Qxd6 14. Nf4 g5 15. Nd3
Rac8 16. Qd1 Nb8 17. h4 Ne4 18. Nfe5 Kg7 19. e3 Qe7 20. h5 Rfd8 21. Bf3 Nc6 22.
Be2 Na5 23. Qa4 Qe8 24. Qxe8 Rxe8 25. Bd1 Ba6 26. Ba4 Re7 1/2-1/2

[Event "Druga liga CS - Istok 2018"]
[Site "Nis"]
[Date "2018.09.07"]
[Round "1.4"]
[White "Terzic, Goran"]
[Black "Rihterovic, Milan"]
[Result "1/2-1/2"]
[WhiteElo "2226"]
[BlackElo "2263"]
[Annotator "AB"]
[PlyCount "77"]
[EventDate "2018.09.07"]
[WhiteTeam "KURSUMLIJA - Kursumlija"]
[BlackTeam "SVITANJA - Nis"]

1. e4 e5 2. Nf3 Nc6 3. d4 exd4 4. Bc4 Nf6 5. Qe2 d6 6. h3 Be7 7. O-O O-O 8. Bb3
d5 9. exd5 Nxd5 10. Rd1 Bf6 11. c3 Re8 12. Qd3 Be6 13. Nxd4 Nxd4 14. cxd4 Qd6
15. Qf3 Nb4 16. Bf4 Qd7 17. d5 Bf5 18. Nc3 Bc2 19. Bxc2 Nxc2 20. Rac1 Nd4 21.
Qd3 c5 22. Be3 b6 23. b4 Rac8 24. bxc5 bxc5 25. Ne4 Rxe4 26. Qxe4 Ne2+ 27. Kh1
Nxc1 28. Rxc1 Be7 29. Bf4 Bd6 30. Be3 g6 31. Rc4 Qb5 32. Qc2 Qb7 33. Qd3 Qe7
34. g3 Re8 35. Kg2 h5 36. h4 Rb8 37. Re4 Qd7 38. Rc4 Rc8 39. Bh6 1/2-1/2

[Event "Druga liga CS - Istok 2018"]
[Site "Nis"]
[Date "2018.09.07"]
[Round "1.4"]
[White "Milosevic, Slavisa"]
[Black "Markovic, Marko"]
[Result "1/2-1/2"]
[WhiteElo "2237"]
[BlackElo "2204"]
[Annotator "AB"]
[PlyCount "31"]
[EventDate "2018.09.07"]
[WhiteTeam "SVITANJA - Nis"]
[BlackTeam "KURSUMLIJA - Kursumlija"]

1. e4 e5 2. Nf3 Nc6 3. c3 Nf6 4. d3 d6 5. Be2 g6 6. b4 Bg7 7. O-O O-O 8. Nbd2
h6 9. b5 Ne7 10. d4 exd4 11. cxd4 d5 12. e5 Ne4 13. Bd3 Bf5 14. Qc2 Nxd2 15.
Bxd2 Qd7 16. Bb4 1/2-1/2

[Event "Druga liga CS - Istok 2018"]
[Site "Nis"]
[Date "2018.09.07"]
[Round "1.4"]
[White "Miljkovic, Mihajlo"]
[Black "Grkovic, Vladan"]
[Result "1/2-1/2"]
[WhiteElo "2255"]
[BlackElo "2236"]
[Annotator "AB"]
[PlyCount "25"]
[EventDate "2018.09.07"]
[WhiteTeam "KURSUMLIJA - Kursumlija"]
[BlackTeam "SVITANJA - Nis"]

1. d4 c5 2. d5 e5 3. e4 d6 4. Nc3 Be7 5. Bb5+ Bd7 6. Bxd7+ Nxd7 7. Nf3 a6 8. a4
Rc8 9. O-O h6 10. Nd2 Bg5 11. Nc4 Nb6 12. Nxb6 Qxb6 13. a5 1/2-1/2

[Event "Druga liga CS - Istok 2018"]
[Site "Nis"]
[Date "2018.09.07"]
[Round "1.4"]
[White "Djordjevic, Danilo"]
[Black "Raicevic, Ivica"]
[Result "0-1"]
[WhiteElo "2082"]
[BlackElo "2146"]
[Annotator "AB"]
[PlyCount "68"]
[EventDate "2018.09.07"]
[WhiteTeam "SVITANJA - Nis"]
[BlackTeam "KURSUMLIJA - Kursumlija"]

1. d4 Nf6 2. c4 e6 3. Nc3 Bb4 4. Bg5 c5 5. Bxf6 Qxf6 6. e3 Nc6 7. Nf3 d6 8. Qd3
O-O 9. a3 Bxc3+ 10. Qxc3 e5 11. d5 Ne7 12. Be2 Qg6 13. O-O-O e4 14. Ne1 Bd7 15.
h4 a6 16. Nc2 b5 17. g4 f5 18. g5 f4 19. Rdg1 f3 20. Bf1 Qf7 21. g6 Nxg6 22. h5
Ne5 23. Rh4 Rae8 24. cxb5 axb5 25. Rxe4 Qxh5 26. Rg3 Qh1 27. Qe1 Bf5 28. Rf4
Bxc2 29. Kxc2 c4 30. Rh3 Nd3 31. Rxh1 Nxe1+ 32. Kd2 Rxf4 33. exf4 Ng2 34. Bxg2
Re2+ 0-1

[Event "Druga liga CS - Istok 2018"]
[Site "Nis"]
[Date "2018.09.07"]
[Round "1.4"]
[White "Stojiljkovic, Stefan **"]
[Black "Djukic, Nebojsa"]
[Result "1-0"]
[WhiteElo "2146"]
[BlackElo "2173"]
[Annotator "AB"]
[PlyCount "77"]
[EventDate "2018.09.07"]
[WhiteTeam "KURSUMLIJA - Kursumlija"]
[BlackTeam "SVITANJA - Nis"]

1. Nf3 d5 2. g3 c6 3. Bg2 Nf6 4. O-O h6 5. d3 Bf5 6. Nbd2 Nbd7 7. b3 e6 8. Bb2
Be7 9. e4 dxe4 10. dxe4 Bh7 11. Qe2 O-O 12. Rad1 Qc7 13. e5 Nd5 14. Ne4 Nc5 15.
Nd6 Bxd6 16. exd6 Qa5 17. a3 Qd8 18. c4 Nf6 19. b4 Ncd7 20. Ne5 Rc8 21. Rfe1 a5
22. b5 Nxe5 23. Qxe5 a4 24. bxc6 bxc6 25. c5 Bc2 26. Rd2 Bb3 27. h4 Bd5 28. g4
Qa5 29. Bc3 Qxc5 30. g5 hxg5 31. hxg5 Nh5 32. d7 Rb8 33. Bb4 Rxb4 34. axb4 Qxb4
35. Rd4 Qb8 36. Qxb8 Rxb8 37. Bxd5 cxd5 38. Rc1 Kf8 39. Rc8+ 1-0

[Event "Druga liga CS - Istok 2018"]
[Site "Nis"]
[Date "2018.09.07"]
[Round "1.4"]
[White "Ristic, Boban"]
[Black "Marjanovic, Miroslav"]
[Result "1/2-1/2"]
[WhiteElo "2019"]
[BlackElo "2106"]
[Annotator "AB"]
[PlyCount "45"]
[EventDate "2018.09.07"]
[WhiteTeam "SVITANJA - Nis"]
[BlackTeam "KURSUMLIJA - Kursumlija"]

1. d4 Nf6 2. Nf3 e6 3. c3 b6 4. Bf4 Be7 5. h3 O-O 6. e3 Bb7 7. Nbd2 d5 8. Bd3
Ne4 9. O-O Nd7 10. Qc2 f5 11. Ne5 Nxd2 12. Qxd2 Bd6 13. Nxd7 Qxd7 14. Bxd6 cxd6
15. Qe2 e5 16. f4 Rae8 17. Bb5 Bc6 18. Bxc6 Qxc6 19. Qa6 exd4 20. exd4 Re4 21.
Rf3 Rfe8 22. Raf1 R8e7 23. R1f2 1/2-1/2

[Event "Druga liga CS - Istok 2018"]
[Site "Nis"]
[Date "2018.09.07"]
[Round "1.4"]
[White "Blazic, Ivica"]
[Black "Simic, Anja **"]
[Result "1-0"]
[WhiteElo "2036"]
[BlackElo "1813"]
[Annotator "AB"]
[PlyCount "63"]
[EventDate "2018.09.07"]
[WhiteTeam "KURSUMLIJA - Kursumlija"]
[BlackTeam "SVITANJA - Nis"]

1. e4 c5 2. c3 Nf6 3. e5 Nd5 4. d4 cxd4 5. Nf3 e6 6. cxd4 Nc6 7. Nc3 Nxc3 8.
bxc3 d6 9. Bd3 dxe5 10. dxe5 Qa5 11. Qb3 Nxe5 12. Nxe5 Qxe5+ 13. Be3 Bd7 14.
O-O Bd6 15. g3 Bc6 16. Bf4 Qf6 17. Bb5 Bxf4 18. Bxc6+ bxc6 19. gxf4 Qxf4 20.
Qa3 Qg4+ 21. Kh1 Qf3+ 22. Kg1 h5 23. Rfd1 Rh6 24. Qd6 Rg6+ 25. Kf1 Qg2+ 26. Ke2
Qe4+ 27. Kf1 Qc4+ 28. Rd3 Rf6 29. Rb1 Rf3 30. Rb8+ Rxb8 31. Qxb8+ Ke7 32. Qd8#
1-0

[Event "Druga liga CS - Istok 2018"]
[Site "Nis"]
[Date "2018.09.07"]
[Round "1.5"]
[White "Trickovic, Borivoje"]
[Black "Vlahovic, Bogdan"]
[Result "0-1"]
[WhiteElo "2239"]
[BlackElo "2308"]
[Annotator "AB"]
[PlyCount "90"]
[EventDate "2018.09.07"]
[WhiteTeam "CAST I SLAVA - Pirot"]
[BlackTeam "GLUBOCICA - Leskovac"]

1. d4 Nf6 2. Bf4 b6 3. e3 Bb7 4. h3 g6 5. Nf3 Bg7 6. Be2 O-O 7. O-O d6 8. Nbd2
c5 9. c3 Nc6 10. Bh2 cxd4 11. exd4 Re8 12. Re1 d5 13. Ne5 a6 14. Bd3 Nd7 15. f4
e6 16. Ndf3 f6 17. Nxc6 Bxc6 18. Bg3 b5 19. Re2 Nb6 20. Qc2 Nc4 21. Rae1 Qd7
22. Kh1 Nd6 23. Bh2 a5 24. g4 Ne4 25. Nd2 f5 26. g5 Rec8 27. Nf3 b4 28. cxb4
axb4 29. Qb1 Qa7 30. Kg2 Qxa2 31. Bg1 Qxb1 32. Rxb1 Be8 33. h4 Ra5 34. Be3 Bb5
35. Bxb5 Rxb5 36. Ra1 b3 37. Ne1 Rb4 38. Nd3 Rbc4 39. Ra3 Rb8 40. Ra6 Rb7 41.
Rxe6 Bxd4 42. Bxd4 Rxd4 43. Ne5 Rd2 44. Rxd2 Nxd2 45. Re8+ Kg7 0-1

[Event "Druga liga CS - Istok 2018"]
[Site "Nis"]
[Date "2018.09.07"]
[Round "1.5"]
[White "Zivkovic, Nemanja"]
[Black "Stanojevic, Ilija **"]
[Result "1-0"]
[WhiteElo "2293"]
[BlackElo "2139"]
[Annotator "AB"]
[PlyCount "81"]
[EventDate "2018.09.07"]
[WhiteTeam "GLUBOCICA - Leskovac"]
[BlackTeam "CAST I SLAVA - Pirot"]

1. e4 e6 2. d3 d5 3. Nd2 Nf6 4. Ngf3 c5 5. g3 Nc6 6. Bg2 g6 7. O-O Bg7 8. Re1
O-O 9. c3 a5 10. a4 b6 11. Qc2 Ba6 12. Bf1 Rc8 13. Nb1 h6 14. Na3 Ng4 15. Nb5
Nce5 16. Nxe5 Nxe5 17. Be2 Nc6 18. Bd2 Qd7 19. Rad1 e5 20. Qb3 Rfd8 21. h4 Ne7
22. Bc1 Bxb5 23. axb5 Kh7 24. h5 Rf8 25. exd5 Qxd5 26. hxg6+ Kxg6 27. Qa4 Kh7
28. Bf1 Ng6 29. Bg2 Qd7 30. Bc6 Qh3 31. Bg2 Qd7 32. Bf3 Rcd8 33. Kg2 f5 34. Rh1
Qf7 35. Be3 Rfe8 36. Rdf1 Qf6 37. Qc4 Rg8 38. Rh5 Ne7 39. Bg5 Qg6 40. Qh4 Bf8
41. Rh1 1-0

[Event "Druga liga CS - Istok 2018"]
[Site "Nis"]
[Date "2018.09.07"]
[Round "1.5"]
[White "Tonic, Milos"]
[Black "Milosevic, Aleksandar"]
[Result "0-1"]
[WhiteElo "2137"]
[BlackElo "2246"]
[Annotator "AB"]
[PlyCount "107"]
[EventDate "2018.09.07"]
[WhiteTeam "CAST I SLAVA - Pirot"]
[BlackTeam "GLUBOCICA - Leskovac"]

1. c4 Nf6 2. Nc3 e5 3. Nf3 Nc6 4. g3 Nd4 5. Bg2 Nxf3+ 6. Bxf3 Bb4 7. Qb3 Bc5 8.
O-O c6 9. Na4 Be7 10. d4 d6 11. dxe5 dxe5 12. Rd1 Qc7 13. Be3 O-O 14. Rd2 b6
15. Rad1 Ng4 16. Qc3 h6 17. h4 Nxe3 18. Qxe3 f5 19. Bg2 Rf6 20. a3 Be6 21. Qc3
Rff8 22. b4 Rad8 23. c5 b5 24. Nb2 e4 25. e3 Bf6 26. Qc2 Be5 27. Bf1 g5 28.
hxg5 hxg5 29. Rxd8 Rxd8 30. Rxd8+ Qxd8 31. Nd1 Qf6 32. a4 a6 33. axb5 axb5 34.
Bg2 Bd5 35. Qc1 Kf7 36. Qc2 Qg7 37. Qc1 Qh8 38. Qa3 Ke6 39. Qc1 Qg7 40. Qc2 Qa7
41. Qe2 g4 42. Qd2 Qa4 43. Bf1 Qa2 44. Qe1 Qc2 45. Kg2 Bb3 46. Be2 Bc4 47. Bf1
Bd3 48. Kg1 Kd5 49. Bxd3 Qxd3 50. Kg2 Kc4 51. Qh1 Kb3 52. Qh6 Qxd1 53. Qxc6
Kxb4 54. Qe6 0-1

[Event "Druga liga CS - Istok 2018"]
[Site "Nis"]
[Date "2018.09.07"]
[Round "1.5"]
[White "Dimitrijevic, Srdjan"]
[Black "Petrov, Georgi"]
[Result "0-1"]
[WhiteElo "2279"]
[BlackElo "2174"]
[Annotator "AB"]
[PlyCount "74"]
[EventDate "2018.09.07"]
[WhiteTeam "GLUBOCICA - Leskovac"]
[BlackTeam "CAST I SLAVA - Pirot"]

1. d4 Nf6 2. c4 e6 3. Nf3 Bb4+ 4. Bd2 Bxd2+ 5. Nbxd2 d6 6. e3 b6 7. Bd3 Bb7 8.
O-O Nbd7 9. Qc2 O-O 10. b4 c5 11. b5 cxd4 12. exd4 Rc8 13. Qa4 Rc7 14. Qb4 d5
15. Rac1 dxc4 16. Rxc4 Bd5 17. Rcc1 Qb8 18. a4 Rfc8 19. Qa3 Qb7 20. a5 Rxc1 21.
Rxc1 Rxc1+ 22. Qxc1 bxa5 23. Qa3 Qc7 24. h3 Nf8 25. Kf1 Ng6 26. g3 Nd7 27. h4
a4 28. h5 Ngf8 29. Qxa4 Qc1+ 30. Ke2 Qc7 31. Qa3 h6 32. Qe7 Qb7 33. Qd8 Nf6 34.
Ne5 Nxh5 35. Bc4 Bxc4+ 36. Nexc4 Qxb5 37. Kd3 f6 0-1

[Event "Druga liga CS - Istok 2018"]
[Site "Nis"]
[Date "2018.09.07"]
[Round "1.5"]
[White "Mincic, Srbislav"]
[Black "Stankovic, Ivan G"]
[Result "1/2-1/2"]
[WhiteElo "2159"]
[BlackElo "2257"]
[Annotator "AB"]
[PlyCount "71"]
[EventDate "2018.09.07"]
[WhiteTeam "CAST I SLAVA - Pirot"]
[BlackTeam "GLUBOCICA - Leskovac"]

1. e4 c5 2. Nf3 Nc6 3. c3 d5 4. exd5 Qxd5 5. d4 e6 6. Be2 Nf6 7. O-O Be7 8. Na3
O-O 9. Nc2 b6 10. dxc5 Bxc5 11. Be3 Bb7 12. Qxd5 Nxd5 13. Bxc5 bxc5 14. Rfd1
Rfd8 15. Ne3 Nxe3 16. fxe3 Ne7 17. Kf2 Nf5 18. Rxd8+ Rxd8 19. Rd1 Rxd1 20. Bxd1
Bd5 21. a3 Nd6 22. Nd2 e5 23. Bc2 e4 24. c4 Bc6 25. b4 f5 26. bxc5 Nf7 27. Nb3
Ne5 28. Nd4 Bd7 29. Ke2 Kf8 30. Bb3 g5 31. Kd2 Ke7 32. Nb5 a5 33. Nd6 Ke6 34.
a4 Bc6 35. Nb5 f4 36. Nd4+ 1/2-1/2

[Event "Druga liga CS - Istok 2018"]
[Site "Nis"]
[Date "2018.09.07"]
[Round "1.5"]
[White "Komnenic, Branko"]
[Black "Dimitrijevic, Dusan"]
[Result "1-0"]
[WhiteElo "2228"]
[BlackElo "2065"]
[Annotator "AB"]
[PlyCount "117"]
[EventDate "2018.09.07"]
[WhiteTeam "GLUBOCICA - Leskovac"]
[BlackTeam "CAST I SLAVA - Pirot"]

1. d4 Nf6 2. c4 e6 3. Nf3 Bb4+ 4. Bd2 Qe7 5. g3 Ne4 6. Bg2 O-O 7. O-O Nxd2 8.
Nfxd2 Bxd2 9. Qxd2 d6 10. Nc3 c6 11. e4 e5 12. f4 Nd7 13. Rad1 a5 14. b3 Nf6
15. c5 exd4 16. cxd6 Qxd6 17. e5 Qb4 18. Qxd4 Ng4 19. Rfe1 Nh6 20. Ne4 Nf5 21.
Qf2 Ne7 22. Nd6 Bg4 23. Rd4 Qb6 24. h3 Nf5 25. Nxf5 Bxf5 26. g4 Bc8 27. f5 g6
28. Red1 a4 29. Qe3 Re8 30. f6 Qc5 31. b4 Qf8 32. a3 Be6 33. Rd6 Bb3 34. R1d2
Re6 35. Rxe6 Bxe6 36. Qb6 Qc8 37. Kh2 h6 38. Kg3 Kh7 39. Bf3 Qb8 40. Rd6 Qa7
41. Qxa7 Rxa7 42. h4 Ra8 43. Be4 Re8 44. Kf4 Kg8 45. g5 hxg5+ 46. hxg5 Kf8 47.
Bc2 Bb3 48. Be4 Be6 49. Ke3 Bg4 50. Kd4 Be6 51. Bf3 Bf5 52. Bd1 b6 53. Rxc6 Rb8
54. Rd6 b5 55. Be2 Ke8 56. Bf3 Bd7 57. Kc5 Rc8+ 58. Bc6 Bxc6 59. Rxc6 1-0

[Event "Druga liga CS - Istok 2018"]
[Site "Nis"]
[Date "2018.09.07"]
[Round "1.5"]
[White "Mitic, Ivan M"]
[Black "Krstic, Ranko"]
[Result "1/2-1/2"]
[WhiteElo "1879"]
[BlackElo "2176"]
[Annotator "AB"]
[PlyCount "85"]
[EventDate "2018.09.07"]
[WhiteTeam "CAST I SLAVA - Pirot"]
[BlackTeam "GLUBOCICA - Leskovac"]

1. e4 d6 2. Nf3 Nf6 3. Nc3 c6 4. d4 g6 5. h3 Bg7 6. Bd3 O-O 7. O-O Qc7 8. Be3
Nbd7 9. Qd2 e5 10. dxe5 dxe5 11. Bh6 Nc5 12. Bxg7 Kxg7 13. Rad1 Ne6 14. Ne2 Nh5
15. Qc3 f6 16. g3 Nd4 17. Nfxd4 exd4 18. Qxd4 Bxh3 19. Rfe1 c5 20. Qc3 Bg4 21.
Kg2 Rad8 22. f3 Be6 23. Bc4 Bd7 24. Qe3 b5 25. Bd5 g5 26. Rh1 Be8 27. Rh2 Bg6
28. Rdh1 Rfe8 29. c4 bxc4 30. Bxc4 Rd4 31. Bd3 Red8 32. Bb1 Rd2 33. Rxh5 Bxh5
34. Rxh5 Qe5 35. Rh1 Qxb2 36. Re1 Rd1 37. Qxc5 Rxe1 38. Qe7+ Kh6 39. Qxd8 Rxe2+
40. Kh3 Rh2+ 41. Kg4 Qe5 42. Qf8+ Kg6 43. Qg8+ 1/2-1/2

[Event "Druga liga CS - Istok 2018"]
[Site "Nis"]
[Date "2018.09.07"]
[Round "1.5"]
[White "Micovic, Nikola **"]
[Black "Djelic, Jovan **"]
[Result "1-0"]
[WhiteElo "1868"]
[BlackElo "1448"]
[Annotator "AB"]
[PlyCount "45"]
[EventDate "2018.09.07"]
[WhiteTeam "GLUBOCICA - Leskovac"]
[BlackTeam "CAST I SLAVA - Pirot"]

1. e4 g6 2. Nf3 Bg7 3. Bc4 e6 4. Nc3 c6 5. d4 Ne7 6. O-O O-O 7. Bg5 Re8 8. Re1
h6 9. Bh4 g5 10. Bg3 d5 11. exd5 cxd5 12. Bd3 Nbc6 13. Nb5 Rf8 14. Bc7 Qd7 15.
Ne5 Nxe5 16. Bxe5 Bxe5 17. dxe5 b6 18. Qh5 Nf5 19. Bxf5 exf5 20. Nd4 Kg7 21. e6
fxe6 22. Nxe6+ Kg8 23. Qg6+ 1-0

[Event "Druga liga CS - Istok 2018"]
[Site "Nis"]
[Date "2018.09.07"]
[Round "1.6"]
[White "Ristic, Nebojsa B"]
[Black "Livaja, Mario"]
[Result "1/2-1/2"]
[WhiteElo "2336"]
[BlackElo "2279"]
[Annotator "AB"]
[PlyCount "21"]
[EventDate "2018.09.07"]
[WhiteTeam "RADNIK - Surdulica"]
[BlackTeam "NAIS - Nis"]

1. Nf3 Nf6 2. g3 g6 3. Bg2 Bg7 4. O-O O-O 5. d4 d6 6. Re1 c5 7. c3 Nc6 8. d5
Na5 9. e4 Ng4 10. Nbd2 b5 11. h3 1/2-1/2

[Event "Druga liga CS - Istok 2018"]
[Site "Nis"]
[Date "2018.09.07"]
[Round "1.6"]
[White "Zivkovic, Marko"]
[Black "Lazov, Toni **"]
[Result "0-1"]
[WhiteElo "2275"]
[BlackElo "2292"]
[Annotator "AB"]
[PlyCount "53"]
[EventDate "2018.09.07"]
[WhiteTeam "NAIS - Nis"]
[BlackTeam "RADNIK - Surdulica"]

1. d4 Nf6 2. Bf4 g6 3. Nf3 Bg7 4. Nc3 d5 5. e3 O-O 6. Be2 c5 7. O-O cxd4 8.
exd4 Nc6 9. Re1 Ne4 10. Nb5 Bf5 11. c4 dxc4 12. Bxc4 a6 13. Nc3 Nxc3 14. bxc3
Rc8 15. Rc1 Na5 16. Bf1 Be6 17. Qd2 Nc4 18. Bxc4 Rxc4 19. Bh6 Ra4 20. Bxg7 Kxg7
21. Rxe6 fxe6 22. Ng5 Qd5 23. Qe3 Rf6 24. Re1 Rxa2 25. f3 Rb2 26. h4 Qa2 27. g4
0-1

[Event "Druga liga CS - Istok 2018"]
[Site "Nis"]
[Date "2018.09.07"]
[Round "1.6"]
[White "Bakic, Dragan"]
[Black "Spasic, Petar **"]
[Result "1/2-1/2"]
[WhiteElo "2163"]
[BlackElo "2083"]
[Annotator "AB"]
[PlyCount "39"]
[EventDate "2018.09.07"]
[WhiteTeam "NAIS - Nis"]
[BlackTeam "RADNIK - Surdulica"]

1. e4 c5 2. Nf3 d6 3. d4 cxd4 4. Nxd4 g6 5. Bb5+ Bd7 6. Bxd7+ Nxd7 7. O-O Bg7
8. c4 Ngf6 9. Nc3 O-O 10. b3 a6 11. Bb2 Ne5 12. Re1 Nc6 13. Nf3 e6 14. Qd2 Qc7
15. Rad1 Rfd8 16. h3 Rac8 17. Qe2 Nd7 18. Na4 Nde5 19. Nd4 Nd7 20. Nxc6 1/2-1/2

[Event "Druga liga CS - Istok 2018"]
[Site "Nis"]
[Date "2018.09.07"]
[Round "1.6"]
[White "Dimitrijevic, Zoran"]
[Black "Zivic, Dragan"]
[Result "1-0"]
[WhiteElo "2129"]
[BlackElo "2175"]
[Annotator "AB"]
[PlyCount "108"]
[EventDate "2018.09.07"]
[WhiteTeam "RADNIK - Surdulica"]
[BlackTeam "NAIS - Nis"]

1. d4 Nf6 2. Nf3 e6 3. g3 b6 4. Bg2 Bb7 5. O-O c5 6. e3 Be7 7. c4 O-O 8. Nc3
cxd4 9. exd4 Qc8 10. Qe2 d5 11. Ne5 dxc4 12. Bxb7 Qxb7 13. Qxc4 Rc8 14. Qd3 Nc6
15. Nxc6 Qxc6 16. Rd1 Nd5 17. Nxd5 Qxd5 18. Be3 Rc6 19. b3 Rac8 20. Rac1 Qf3
21. Rxc6 Rxc6 22. Qf1 Ba3 23. Re1 h5 24. Qe2 Qd5 25. h4 b5 26. Rd1 a6 27. Re1
Qf5 28. Rd1 Rc2 29. Rd2 Rc3 30. Rd1 Rc6 31. Bf4 f6 32. d5 Rc8 33. Qxe6+ Qxe6
34. dxe6 Re8 35. Bd6 Bb2 36. e7 Kf7 37. Kg2 f5 38. Kf3 Bf6 39. Bc5 Rc8 40. b4
a5 41. a3 axb4 42. axb4 Rc7 43. Kf4 Bxe7 44. Bxe7 Rc4+ 45. Kxf5 g6+ 46. Ke5
Kxe7 47. Rd6 Rxb4 48. Rxg6 Rb2 49. f4 b4 50. f5 b3 51. Rg7+ Kf8 52. Rb7 Rb1 53.
Kf6 Ke8 54. Kg5 b2 1-0

[Event "Druga liga CS - Istok 2018"]
[Site "Nis"]
[Date "2018.09.07"]
[Round "1.6"]
[White "Djordjevic, Dejan N"]
[Black "Vukasinovic, Sasa"]
[Result "0-1"]
[WhiteElo "2182"]
[BlackElo "1990"]
[Annotator "AB"]
[PlyCount "89"]
[EventDate "2018.09.07"]
[WhiteTeam "NAIS - Nis"]
[BlackTeam "RADNIK - Surdulica"]

1. e4 e5 2. Nf3 Nc6 3. Bc4 Nf6 4. Qe2 Be7 5. O-O O-O 6. c3 d6 7. h3 Na5 8. Bb5
a6 9. Ba4 c5 10. d4 Qc7 11. Bc2 b5 12. Bg5 h6 13. Be3 cxd4 14. cxd4 Nc4 15. Bc1
exd4 16. Nxd4 d5 17. exd5 Nxd5 18. Nf5 Bxf5 19. Bxf5 Qe5 20. Qxe5 Nxe5 21. a4
Nb6 22. Bf4 Bf6 23. Nc3 Ng6 24. Bd6 Bxc3 25. bxc3 Nxa4 26. Bxf8 Kxf8 27. c4 Ne5
28. cxb5 axb5 29. Rfb1 Ra5 30. f4 Nc6 31. Bd7 Nd4 32. Re1 g6 33. Re4 Nb3 34.
Rb1 Nac5 35. Re8+ Kg7 36. Bc6 Nd4 37. Bd5 Nce6 38. Bxe6 Nxe6 39. Rb4 h5 40. Re7
h4 41. Rb7 Kf6 42. f5 gxf5 43. R7xb5 Ra1+ 44. Kh2 f4 45. Rh5 {,,, unreadable
moves} 0-1

[Event "Druga liga CS - Istok 2018"]
[Site "Nis"]
[Date "2018.09.07"]
[Round "1.6"]
[White "Djordjevic, Miroslav"]
[Black "Lazarevic, Slobodan"]
[Result "1-0"]
[WhiteElo "1975"]
[BlackElo "2240"]
[Annotator "AB"]
[PlyCount "61"]
[EventDate "2018.09.07"]
[WhiteTeam "RADNIK - Surdulica"]
[BlackTeam "NAIS - Nis"]

1. f4 c5 2. Nf3 Nc6 3. e3 g6 4. Be2 Bg7 5. O-O d6 6. d3 e5 7. fxe5 dxe5 8. e4
b6 9. Qe1 h6 10. Nc3 Be6 11. Qg3 Nge7 12. Bd2 Qd7 13. a4 a6 14. Rf2 Qd6 15.
Raf1 Nd4 16. Bd1 O-O-O 17. b3 Rd7 18. Nb1 f5 19. Nxd4 f4 20. Qh4 cxd4 21. Bg4
h5 22. Bxe6 Qxe6 23. Re2 g5 24. Qe1 g4 25. Na3 Rc7 26. Nc4 b5 27. axb5 axb5 28.
Na3 Rb7 29. c4 dxc3 30. Bxc3 Nc6 31. Rc2 {... in 69. move 1:0} 1-0

[Event "Druga liga CS - Istok 2018"]
[Site "Nis"]
[Date "2018.09.07"]
[Round "1.6"]
[White "Petrovic, Dusan **"]
[Black "Bulatovic, Nikola"]
[Result "0-1"]
[WhiteElo "1812"]
[BlackElo "2047"]
[Annotator "AB"]
[PlyCount "78"]
[EventDate "2018.09.07"]
[WhiteTeam "NAIS - Nis"]
[BlackTeam "RADNIK - Surdulica"]

1. e4 c5 2. Nf3 a6 3. d4 cxd4 4. Qxd4 Nc6 5. Qd1 e6 6. c4 Nf6 7. Bd3 d5 8. exd5
Bb4+ 9. Bd2 Bxd2+ 10. Nbxd2 exd5 11. Qe2+ Ne7 12. cxd5 O-O 13. Bc4 b5 14. Bb3
Nexd5 15. Bxd5 Qxd5 16. O-O Re8 17. Qd1 Bg4 18. h3 Bh5 19. Re1 h6 20. Qb3 Rxe1+
21. Rxe1 Qxb3 22. axb3 Rd8 23. Re3 Bg6 24. Rc3 Nd5 25. Rc6 Nb4 26. Rc7 Bc2 27.
Rc3 f5 28. Rc5 g5 29. Nf1 f4 30. Rc3 Rd1 31. h4 Bd3 32. N3d2 gxh4 33. f3 Bxf1
34. Nxf1 Rb1 35. Rc8+ Kg7 36. Rc3 Nd5 37. Rd3 Ne3 38. Kf2 Rxf1+ 39. Ke2 Rb1 0-1

[Event "Druga liga CS - Istok 2018 grupa sever"]
[Site ""]
[Date "2018.09.07"]
[Round "1.11"]
[White "Pavlovic, Goran"]
[Black "Jovic, Stanoje"]
[Result "1/2-1/2"]
[WhiteElo "2361"]
[BlackElo "2273"]
[PlyCount "0"]
[WhiteTeam "VGSK - Veliko Gradiste"]
[BlackTeam "RADNICKI - Cuprija"]
[EventDate "2018.09.07"]

1.Nf3 Nf6 2.c4 c5 3.g3 g6 4.Bg2 Bg7 5.O-O O-O 6.Nc3 Nc6 7.d4
cxd4 8.Nxd4 Nxd4 9.Qxd4 d6 10.Qd3 Nd7 11.b3 Nc5 12.Qd2 a5 13.Ba3
Be6 14.Rac1 Qb6 15.Nd5 Bxd5 16.Bxd5 Na6 17.Rfd1 Nb4 18.Bf3 Rfc8
19.h4 h5 20.Bb2 Bxb2 21.Qxb2 Nc6 22.Rd5 Ne5 23.Rb5 Nxf3+ 24.exf3
Qc6 25.Re1 Rc7 26.Re3 a4 27.Qd4 axb3 28.axb3 e5 29.Qd1 Re7 30.Rd5
Re6 31.Red3 Ra6 32.Qe1 Qb6 33.Qe3 Qxe3 34.Rxe3 Rc6 35.Rb5 b6
36.Re1 Re7 37.f4 f6 38.Kg2 Kf7 39.Ra1 Rb7 40.Ra6 exf4 41.gxf4
f5 42.Kf3 Ke6 43.Ke3 Kd7 44.Kd4 Ke6 45.Ra1 Rc5 46.Re1+ Kd7 47.Rg1
Rxb5 48.cxb5 Ra7 49.Rxg6 Ra2 50.Rf6 Rxf2 51.Rxf5 Ke6 52.Rxh5
Rxf4+ 53.Kc3 Rf3+ 54.Kb4 Rf4+ 1/2-1/2

[Event "Druga liga CS - Istok 2018 grupa sever"]
[Site ""]
[Date "2018.09.07"]
[Round "1.12"]
[White "Milenkovic, Ivan"]
[Black "Dinev, Dejan"]
[Result "0-1"]
[WhiteElo "2255"]
[BlackElo "2284"]
[PlyCount "0"]
[WhiteTeam "RADNICKI - Cuprija"]
[BlackTeam "VGSK - Veliko Gradiste"]
[EventDate "2018.09.07"]

1.d4 d5 2.c4 c6 3.Nf3 Nf6 4.Nc3 e6 5.Bg5 Nbd7 6.cxd5 exd5 7.e3
Bd6 8.Bd3 h6 9.Bh4 O-O 10.Qc2 Re8 11.O-O-O Qa5 12.Kb1 Bb4 13.Rc1
Bxc3 14.bxc3 Ne4 15.c4 Nb6 16.c5 Na4 17.Ne5 Naxc5 18.dxc5 Rxe5
19.f3 Nd2+ 20.Ka1 Nc4 21.e4 b5 22.f4 Re8 23.Rhe1 Bd7 24.Rcd1
Bg4 25.Rc1 Bd7 26.Rcd1 Na3 27.Qb2 Bg4 28.Rc1 dxe4 29.Bxe4 Nc4
30.Qc2 Bd7 31.Qd3 Be6 32.Re2 Rac8 33.Rce1 Qb4 34.Qd4 Rc7 35.Bxc6
Rxc6 36.f5 Qxc5 37.Qxc5 Rxc5 38.fxe6 Rxe6 39.Rxe6 fxe6 40.Rxe6
Rd5 41.Re8+ Kh7 42.Rd8 Rxd8 43.Bxd8 Kg6 44.Kb1 Kf5 45.Kc2 Ke4
46.Kc3 Ne5 47.Bc7 Nc6 48.h4 h5 49.Bd6 g6 50.Bc7 Ke3 51.Bd6 Kf2
52.g3 Kf3 53.Kd3 a5 54.Kc3 Ke4 55.Bc7 Kd5 56.Bxa5 Nxa5 57.Kb4
Nc6+ 58.Kxb5 Nd4+ 59.Kb6 Nc2 60.a4 Na3 61.Kc7 Nc4 62.Kd7 Na5
63.Ke7 Ke5 64.Kf7 Kf5 65.Kg7 g5 66.hxg5 Kxg5 67.Kh7 Nb7 68.Kg7
Na5 69.Kh8 Nb3 70.Kg7 Kg4 71.Kg6 Na5 72.Kh6 Nc4 73.Kg6 Ne5+ 74.Kh6
Nc6 75.Kg6 Ne7+ 76.Kh6 Nf5+ 77.Kg6 Nxg3 0-1

[Event "Druga liga CS - Istok 2018 grupa sever"]
[Site ""]
[Date "2018.09.07"]
[Round "1.13"]
[White "Djokic, Nebojsa"]
[Black "Gajovic, Dragan"]
[Result "1-0"]
[WhiteElo "2228"]
[BlackElo "2140"]
[PlyCount "0"]
[WhiteTeam "VGSK - Veliko Gradiste"]
[BlackTeam "RADNICKI - Cuprija"]
[EventDate "2018.09.07"]

1.e4 d6 2.d4 e5 3.Nf3 Nf6 4.Nc3 exd4 5.Nxd4 Bg4 6.f3 Bd7 7.Bf4
Nc6 8.Qd2 g6 9.O-O-O Bg7 10.Bh6 Bxh6 11.Qxh6 Qe7 12.Bb5 O-O-O
13.Nxc6 bxc6 14.Ba6+ Kb8 15.Rhe1 Bc8 16.Bxc8 Rxc8 17.Qg5 Qe5
18.Qxe5 dxe5 19.Na4 Rhd8 20.Nc5 Rd6 21.Re3 Rxd1+ 22.Kxd1 Rd8+
23.Ke2 Ka8 24.Rd3 Rxd3 25.Kxd3 Kb8 26.Kc4 Kc8 27.a3 h5 28.h4
Ne8 29.Nd3 Nd6+ 30.Kc5 f5 31.Nxe5 fxe4 32.fxe4 g5 33.Kd4 gxh4
34.Ng6 c5+ 35.Kd3 c4+ 36.Ke3 c5 37.Nxh4 c3 38.b3 c4 39.b4 Nb5
40.a4 Na3 41.Kd4 Nxc2+ 42.Kxc3 1-0